000 00297nam a2200109Ia 4500
008 220216s9999 xx 000 0 und d
245 0 _aRubber estate organization: restructures business
260 _bRubber International Magazine
_c1999
300 _a93-96
650 _aRubber estate
942 _cJS
999 _c67577
_d67577